000
00316nam a22001337a 4500
003
SGT
020
_a
9788177541847
082
_a
631.4
_b
LAL
100
_a
LAL, P.
245
_a
SALT AFFECTED SOILS AND CORP PRODUCTION A MODERN SYNTHESIS
260
_a
INDIA
_b
AGROBIOS PUB
_c
2019
300
_a
215
942
_2
ddc
_c
BK
999
_c
19451
_d
19451